Nirvana Songs - Statistics

General Stats
  • This quiz has been taken 4,712 times
    4,611 since last reset
  • The average score is 31 of 63
Answer Stats
Album Song % Correct
Nevermind (1991) Smells Like Teen Spirit
97%
Nevermind (1991) Come As You Are
90%
In Utero (1993) Heart-Shaped Box
84%
Nevermind (1991) Lithium
83%
Bleach (1989) About A Girl
81%
Nevermind (1991) In Bloom
81%
Nevermind (1991) Something In The Way
78%
In Utero (1993) Rape Me
77%
Nevermind (1991) Polly
76%
MTV Unplugged In New York (1994) The Man Who Sold The World
73%
Nevermind (1991) Drain You
69%
In Utero (1993) All Apologies
67%
Nevermind (1991) Breed
67%
Nevermind (1991) Territorial Pissings
64%
Nevermind (1991) On A Plain
62%
In Utero (1993) Dumb
61%
Bleach (1989) School
61%
Nevermind (1991) Endless, Nameless
60%
Nevermind (1991) Lounge Act
60%
Bleach (1989) Love Buzz
57%
In Utero (1993) Serve The Servants
55%
Nevermind (1991) Stay Away
55%
MTV Unplugged In New York (1994) Where Did You Sleep Last Night
55%
Incesticide (1992) Aneurysm
54%
Incesticide (1992) Sliver
54%
Bleach (1989) Blew
53%
Bleach (1989) Floyd The Barber
53%
In Utero (1993) Pennyroyal Tea
52%
MTV Unplugged In New York (1994) Lake Of Fire
51%
In Utero (1993) Scentless Apprentice
49%
In Utero (1993) Frances Farmer Will Have Her Revenge On Seattle
48%
In Utero (1993) Milk It
46%
Bleach (1989) Mr. Moustache
46%
Bleach (1989) Negative Creep
45%
In Utero (1993) Very Ape
45%
Bleach (1989) Big Cheese
42%
In Utero (1993) Tourette's
42%
Bonus Tracks You Know You're Right
41%
MTV Unplugged In New York (1994) Plateau
40%
In Utero (1993) Radio Friendly Unit Shifter
40%
Incesticide (1992) Dive
39%
Bleach (1989) Paper Cuts
39%
Incesticide (1992) Been A Son
38%
Bleach (1989) Downer
38%
Incesticide (1992) Mexican Seafood
37%
Incesticide (1992) Molly's Lips
37%
MTV Unplugged In New York (1994) Jesus Doesn't Want Me For A Sunbeam
36%
MTV Unplugged In New York (1994) Oh Me
36%
Bleach (1989) Scoff
33%
Bonus Tracks Sappy
32%
Bleach (1989) Swap Meet
32%
Incesticide (1992) Hairspray Queen
30%
Bonus Tracks Moist Vagina
30%
Bleach (1989) Sifting
30%
Incesticide (1992) Aero Zeppelin
29%
Bonus Tracks Marigold
28%
Incesticide (1992) Stain
27%
Incesticide (1992) Son Of A Gun
26%
Bonus Tracks I Hate Myself And Want To Die
24%
Incesticide (1992) Turnaround
24%
Incesticide (1992) Beeswax
23%
Incesticide (1992) Big Long Now
22%
Bonus Tracks Gallons Of Rubbing Alcohol Flow Through The Strip
15%
No matching quizzes found
Score Distribution
Percent of People with Each Score
Percentile by Number Answered
Your Score History
You have not taken this quiz since the last reset